| 000 | 00902nam a2200217 a 4500 | ||
|---|---|---|---|
| 005 | 20240611063647.0 | ||
| 008 | 991125s1967 mx 000 0 spa u | ||
| 035 | _aUPN01000013106 | ||
| 049 | _aF | ||
| 050 | 4 |
_aQA154 _bH4.28 LM |
|
| 100 | 1 | _aHeimer, Ralph T. | |
| 245 | 1 | 0 |
_aCurso de álgebra contemporánea : _bguía de estudio para el maestro / _cHeimer, Kocher y Lottes ; tr. J. A. Reinosa Fuller. |
| 260 |
_aMéxico : _bCECSA, _c1967. |
||
| 300 | _a5 v. | ||
| 500 | _aLa biblioteca tiene el v.1 | ||
| 505 | 8 |
_aContenido: _gv.1. _tConjuntos, números y lenguaje del algebra -- _gv.2. _tEcuaciones y desigualdades en una variable -- _gv.3. _tEcuaciones y desigualdades en dos variables -- _gv.4. _tExpresiones, relaciones y funciones polinómica -- _gv.5. |
|
| 650 | 4 |
_aÁlgebra _xEstudio y enseñanza _92073 |
|
| 700 | 1 |
_aKocher, Frank, _ecoaut. |
|
| 700 | 1 |
_aLottes, John J., _ecoaut. |
|
| 905 | _aLibro | ||
| 999 |
_c13106 _d13106 |
||